Citizenship : (Record no. 184802)

000 -LEADER
fixed length control field 00944 a2200169 4500
003 - CONTROL NUMBER IDENTIFIER
control field Nust
005 - DATE AND TIME OF LATEST TRANSACTION
control field 20230306131816.0
040 ## - CATALOGING SOURCE
Transcribing agency Nust
082 ## - DEWEY DECIMAL CLASSIFICATION NUMBER
Classification number 303.6,LAY
100 ## - MAIN ENTRY--PERSONAL NAME
Personal name Lay J S
9 (RLIN) 109879
245 ## - TITLE STATEMENT
Title Citizenship :
Remainder of title Everday Social Problems for the Nation's Youth /
Statement of responsibility, etc. E.D .J.S Lay
260 ## - PUBLICATION, DISTRIBUTION, ETC.
Place of publication, distribution, etc. London
Name of publisher, distributor, etc. Macmillan
Date of publication, distribution, etc. 1926
300 ## - PHYSICAL DESCRIPTION
Extent 280:p.;
505 ## - FORMATTED CONTENTS NOTE
Formatted contents note The Problem of Thinking and Doing (Page-10), The Problem of Health (Page-13), The Problem of Education,1 (Page-33), The Problem of Education (Page-50), The Problem of Leisure (Page-68), The Problem of Wealth (Page-89), The Problem of Wages (Page-101), The Problem of Capital (Page-109), The Problem of Chossing a Job (Page-131), The Problem of Spending (Page-150), The Problem of Liberty (Page-169), The Problem of Government (Page-196), The Problem of the League of Nations (Page-221), Some other of Noted Citizens (Page-257).
650 ## - SUBJECT ADDED ENTRY--TOPICAL TERM
Topical term or geographic name entry element Citizenship
9 (RLIN) 109880
942 ## - ADDED ENTRY ELEMENTS (KOHA)
Source of classification or shelving scheme
Koha item type Book
Holdings
Withdrawn status Lost status Source of classification or shelving scheme Damaged status Not for loan Permanent Location Current Location Shelving location Date acquired Full call number Barcode Date last seen Price effective from Koha item type Public note
          Military College of Signals (MCS) Military College of Signals (MCS) General Stacks 12/12/2016 303.6,LAY MCS30049 12/08/2016 12/12/2016 Book Almirah No.73, Shelf No.4
© 2023 Central Library, National University of Sciences and Technology. All Rights Reserved.